000 01573nam0a22003131 4500
001 rc\3708741
005 20250610102308.0
021 _aRU
_b[74-1926]
035 _a(NLR Aleph) 007856966
090 _a7792193
_c7792193
100 _a20130115d1973 |||y0rusy50 ca
101 0 _arus
102 _aRU
105 _aa z |||||
200 1 _aПовышение надежности и долговечности автоматов для холодной объемной штамповки при их проектировании и эксплуатации
_e[Обзор]
_fМ-во станкостроит. и инструмент. пром-сти. Гл. техн. упр. Науч.-исслед. ин-т информации по машиностроению "НИИмаш"
210 _aМосква
_c[НИИмаш]
_d1973
215 _a103 с.
_cчерт.
_d22
225 1 _aСерия C-III. [Кузнечно-прессовое машиностроение]
300 _aАвт. указаны на обороте тит. л.: Л.С. Кохан, Г.А. Навроцкий, В.И. Потапов
606 _aШтамповочные автоматы
_xНадежность
_2psbo
700 1 _aКохан
_bЛ.С.
_gЛев Соломонович
701 1 _7ca
_8rus
_aНавроцкий
_bГ. А.
_f1908-1993
_gГеоргий Александрович
_9265754
_3RU\NLR\AUTH\770265810
701 1 _aПотапов
_bВ.И.
801 0 _aRU
_bNLR
_gpsbo
801 1 _aRU
_bELAR
_2rusmarc
852 _aNLR
_j73-5/5799
942 _cBOOK
980 _aNB